01402 2200397 4500001002100000005001500021035002000036007000300056008004100059020002200100040002200122082001500144084001700159090002100176090002200197100003600219245021400255250002600469300005100495650004400546700003200590700004000622700002900662700002700691700002500718700003200743700004000775850001200815264003900827336002100866337003000887338002300917999002200940990002200962990002000984INLIS00000000085556220200512123415 a0010-0520000036ta200512s2019 yoia g ind d a978-623-91886-5-8 aYOPDYOGbinderda04223a307.72 a307.72 NAN b aDEP 307.72 NAN b aCB-D.11 2019-25400 aNanda Yunika Wulandariepenulis10aBakti untuk negeri di dusun budaya cempluk /cNanda Yunika Wulandari, Arif Wahyu Nimpuno, Agnesia Reformawati Zalogo, Nadia Wulandari, Devi Violenta, Arum Kurnianingrum, Yesi Alfani, Achillius Surya Kurniyanto aCetakan pertama, 2019 aviii, 65 halaman :bilustrasi, gambar ;c20 cm 4aDusun Cempluk, Mangunan, Dlingo, Bantul0 aArif Wahyu Nimpunoepenulis0 aAgnesia Reformawati Zalogoepenulis0 aNadia Wulandariepenulis0 aDevi Violentaepenulis aYesi Alfaniepenulis0 aArum Kurnianingrumepenulis0 aAchillius Surya Kurniyantoepenulis aYOPDYOG31aYogyakarta :bMBridge press,c2019 2rdacontentateks 2rdamediaatanpa perantara 2rdacarrieravolume aCB-D.11/2019-2540 aCB-D.11/2019-2540 a74167-PD/A.2026